History of the Byzantine state /

محفوظ في:

المؤلف الرئيسي: Ostrogorsky, Georg (مؤلف)

مؤلفون آخرون: Hussey, J. M.

التنسيق: كتاب

اللغة: English
German

منشور في: Oxford : Blackwell, 1956.

الموضوعات:

الوسوم: إضافة وسم

لا توجد وسوم, كن أول من يضع وسما على هذه التسجيلة!

رقم الطلب: DF552 .O81 1956

LEADER 00864nam a2200265Ka 4500
001 6272
003 OSt
005 20260106140354.0
008 130303s1956 enka 001 0 eng d
035 |a ocm52948573 
040 |c ARCE Library 
041 1 |a eng  |h ger 
050 4 |a DF552 .O81 1956 
100 1 |a Ostrogorsky, Georg,  |e author  |9 37175 
240 1 0 |a Geschichte des byzantinischen Staates.  |l English 
245 1 0 |a History of the Byzantine state /  |c George Ostrogorsky ; translated from the German by Joan Hussey. 
264 1 |a Oxford :  |b Blackwell,  |c 1956. 
300 |a xxvii, 548 pages :  |b illustrations ;  |c 23 cm. 
500 |a Includes index. 
500 |a Translation of : Geschichte des Byzantinischen Staates. 
651 0 |a Byzantine Empire   |x History. 
700 1 |a Hussey, J. M.  |q (Joan Mervyn)  |9 32468 
901 |a reviewed 
942 |c BK  |2 lcc 
999 |c 4927  |d 4927